| 000 | 00431 a2200133 4500 | ||
|---|---|---|---|
| 001 | 92216 | ||
| 082 | _aPR 2499 | ||
| 090 |
_c44176 _d44175 |
||
| 100 | _aHizbullah; Prof Nadeem Shafi and Nadir Munir (Advisors) | ||
| 245 |
_aStress and Strength Analysis of an Aircraft external Store for its Captive Carriage on Target Aircraft _h78 "A" EC |
||
| 260 |
_aIslamabad _bNUST _c2015 |
||
| 300 | _axvi,119p. | ||
| 500 | _aBE Project Report | ||
| 942 |
_aCAE NUST _kPR 2499 |
||
| 999 |
_c327289 _d327289 |
||